Normal view
MARC view
Entry Personal Name
001 - CONTROL NUMBER
- control field: 9859
003 - CONTROL NUMBER IDENTIFIER
- control field: BD-RjUL
005 - DATE AND TIME OF LATEST TRANSACTION
- control field: 20231101185309.0
008 - FIXED-LENGTH DATA ELEMENTS
- fixed length control field: 231101|| aca||aabn | a|a d
040 ## - CATALOGING SOURCE
- Original cataloging agency: BD-RjUL
- Transcribing agency: BD-RjUL
100 ## - HEADING--PERSONAL NAME
- Personal name: Ialam, Md. Rafiqul, Supervisor
670 ## - SOURCE DATA FOUND
- Source citation: Work cat.: (BD-RjUL)82229: Shahiduzzaman, Md. 6716, Determinants of health condition and estimation of demographic parameters of strect Children in Dhaka city, Bangladesh /, 2021